ՀՀ Գիտությունների ազգային ակադեմիայի հիմնարար գիտական գրադարան  =   Fundamental Scientific Library of NAS RA

Древний Вавилон / (Record no. 107219)

MARC details
000 -LEADER
fixed length control field 00767nam a2200229 u 4500
001 - CONTROL NUMBER
control field 000292728
003 - CONTROL NUMBER IDENTIFIER
control field AM-YeHGA
005 - DATE AND TIME OF LATEST TRANSACTION
control field 20250617125927.0
008 - FIXED-LENGTH DATA ELEMENTS--GENERAL INFORMATION
fixed length control field 031211s2001 ai r 000 0 rus d
020 ## - INTERNATIONAL STANDARD BOOK NUMBER
International Standard Book Number 5813802738
040 ## - CATALOGING SOURCE
Original cataloging agency AM-YeHGA
041 0# - LANGUAGE CODE
Language code of text/sound track or separate title rus
Language code of original ger
090 ## - LOCALLY ASSIGNED LC-TYPE CALL NUMBER (OCLC); LOCAL CALL NUMBER (RLIN)
-- 108546
100 1# - MAIN ENTRY--PERSONAL NAME
Personal name Кленгель-Брандт, Эвелин
245 10 - TITLE STATEMENT
Title Древний Вавилон /
Statement of responsibility, etc. Э. Кленгель-Брандт ; Пер. с нем.Б.М. Святского.
260 ## - PUBLICATION, DISTRIBUTION, ETC.
Place of publication, distribution, etc. Смоленск :
Name of publisher, distributor, etc. Русич,
Date of publication, distribution, etc. 2001.
300 ## - PHYSICAL DESCRIPTION
Extent 362 с.
440 #0 - SERIES STATEMENT/ADDED ENTRY--TITLE
Title Попул. ист. б-ка
650 14 - SUBJECT ADDED ENTRY--TOPICAL TERM
Topical term or geographic name entry element История Вавилона
653 0# - INDEX TERM--UNCONTROLLED
Uncontrolled term История древней Месопотамии
700 1# - ADDED ENTRY--PERSONAL NAME
Personal name Святский, Б.М.
Relator term пер.
Relationship trl
Holdings
Withdrawn status Lost status Damaged status Not for loan Collection Home library Current library Date acquired Total checkouts Full call number Barcode Date last seen Price effective from Koha item type Public note
        General Fundamental Scientific Library Fundamental Scientific Library 22/12/2016   935.4 120649867 22/12/2016 22/12/2016 Գրքեր / Books 30 Days Loan


ՀՀ ԳԱԱ հիմնարար գիտական գրադարան
ՀՀ,Երևան 0019
Մարշալ Բաղրամյան 24/6
հեռախոս:(374-10) 52-47-50
Հետադարձ կապ

All site content, except where otherwise noted, is licensed under a
Creative Commons License